Modern Real Analysis (Запис № 453203)

МАРК-запис
000 -LEADER
fixed length control field 03953nam a22005895i 4500
001 - CONTROL NUMBER
control field 978-3-319-64629-9
003 - CONTROL NUMBER IDENTIFIER
control field DE-He213
005 - DATE AND TIME OF LATEST TRANSACTION
control field 20210118152727.0
007 - PHYSICAL DESCRIPTION FIXED FIELD--GENERAL INFORMATION
fixed length control field cr nn 008mamaa
008 - FIXED-LENGTH DATA ELEMENTS--GENERAL INFORMATION
fixed length control field 171202s2017 gw | s |||| 0|eng d
020 ## - INTERNATIONAL STANDARD BOOK NUMBER
International Standard Book Number 9783319646299
-- 978-3-319-64629-9
024 7# - OTHER STANDARD IDENTIFIER
Standard number or code 10.1007/978-3-319-64629-9
Source of number or code doi
050 #4 - LIBRARY OF CONGRESS CALL NUMBER
Classification number QA331.5
072 #7 - SUBJECT CATEGORY CODE
Subject category code PBKB
Source bicssc
072 #7 - SUBJECT CATEGORY CODE
Subject category code MAT034000
Source bisacsh
072 #7 - SUBJECT CATEGORY CODE
Subject category code PBKB
Source thema
082 04 - DEWEY DECIMAL CLASSIFICATION NUMBER
Classification number 515.8
Edition number 23
100 1# - MAIN ENTRY--PERSONAL NAME
Personal name Ziemer, William P.
Relator term author.
Relator code aut
-- http://id.loc.gov/vocabulary/relators/aut
245 10 - TITLE STATEMENT
Title Modern Real Analysis
Medium [electronic resource] /
Statement of responsibility, etc by William P. Ziemer.
250 ## - EDITION STATEMENT
Edition statement 2nd ed. 2017.
264 #1 -
-- Cham :
-- Springer International Publishing :
-- Imprint: Springer,
-- 2017.
300 ## - PHYSICAL DESCRIPTION
Extent XI, 382 p.
Other physical details online resource.
336 ## -
-- text
-- txt
-- rdacontent
337 ## -
-- computer
-- c
-- rdamedia
338 ## -
-- online resource
-- cr
-- rdacarrier
347 ## -
-- text file
-- PDF
-- rda
490 1# - SERIES STATEMENT
Series statement Graduate Texts in Mathematics,
Міжнародний стандартний серійний номер для назви серії (ISSN) 0072-5285 ;
Том/ позначення послідовності 278
505 0# - FORMATTED CONTENTS NOTE
Formatted contents note Preface -- 1. Preliminaries -- 2. Real, Cardinal and Ordinal Numbers -- 3. Elements of Topology -- 4. Measure Theory -- 5. Measurable Functions -- 6. Integration -- 7. Differentiation -- 8. Elements of Functional Analysis -- 9. Measures and Linear Functionals -- 10. Distributions -- 11. Functions of Several Variables -- Bibliography -- Index.
520 ## - SUMMARY, ETC.
Summary, etc This first year graduate text is a comprehensive resource in real analysis based on a modern treatment of measure and integration. Presented in a definitive and self-contained manner, it features a natural progression of concepts from simple to difficult. Several innovative topics are featured, including differentiation of measures, elements of Functional Analysis, the Riesz Representation Theorem, Schwartz distributions, the area formula, Sobolev functions and applications to harmonic functions. Together, the selection of topics forms a sound foundation in real analysis that is particularly suited to students going on to further study in partial differential equations. This second edition of Modern Real Analysis contains many substantial improvements, including the addition of problems for practicing techniques, and an entirely new section devoted to the relationship between Lebesgue and improper integrals. Aimed at graduate students with an understanding of advanced calculus, the text will also appeal to more experienced mathematicians as a useful reference. .
506 ## - RESTRICTIONS ON ACCESS NOTE
Terms governing access Available to subscribing member institutions only. Доступно лише організаціям членам підписки.
506 ## - RESTRICTIONS ON ACCESS NOTE
Standardized terminology for access restriction Online access from local network of NaUOA.
506 ## - RESTRICTIONS ON ACCESS NOTE
Standardized terminology for access restriction Online access with authorization at https://link.springer.com/
506 ## - RESTRICTIONS ON ACCESS NOTE
Standardized terminology for access restriction Онлайн-доступ з локальної мережі НаУОА.
506 ## - RESTRICTIONS ON ACCESS NOTE
Standardized terminology for access restriction Онлайн доступ з авторизацією на https://link.springer.com/
650 #0 - SUBJECT ADDED ENTRY--TOPICAL TERM
Topical term or geographic name as entry element Functions of real variables.
650 #0 - SUBJECT ADDED ENTRY--TOPICAL TERM
Topical term or geographic name as entry element Functional analysis.
650 #0 - SUBJECT ADDED ENTRY--TOPICAL TERM
Topical term or geographic name as entry element Measure theory.
650 14 - SUBJECT ADDED ENTRY--TOPICAL TERM
Topical term or geographic name as entry element Real Functions.
-- http://scigraph.springernature.com/things/product-market-codes/M12171
650 24 - SUBJECT ADDED ENTRY--TOPICAL TERM
Topical term or geographic name as entry element Functional Analysis.
-- http://scigraph.springernature.com/things/product-market-codes/M12066
650 24 - SUBJECT ADDED ENTRY--TOPICAL TERM
Topical term or geographic name as entry element Measure and Integration.
-- http://scigraph.springernature.com/things/product-market-codes/M12120
710 2# - ADDED ENTRY--CORPORATE NAME
Corporate name or jurisdiction name as entry element SpringerLink (Online service)
773 0# - HOST ITEM ENTRY
Title Springer eBooks
776 08 - ADDITIONAL PHYSICAL FORM ENTRY
Display text Printed edition:
International Standard Book Number 9783319646282
776 08 - ADDITIONAL PHYSICAL FORM ENTRY
Display text Printed edition:
International Standard Book Number 9783319646305
776 08 - ADDITIONAL PHYSICAL FORM ENTRY
Display text Printed edition:
International Standard Book Number 9783319878409
830 #0 - SERIES ADDED ENTRY--UNIFORM TITLE
Uniform title Graduate Texts in Mathematics,
-- 0072-5285 ;
Volume number/sequential designation 278
856 40 - ELECTRONIC LOCATION AND ACCESS
Uniform Resource Identifier <a href="https://doi.org/10.1007/978-3-319-64629-9">https://doi.org/10.1007/978-3-319-64629-9</a>
912 ## -
-- ZDB-2-SMA
942 ## - ADDED ENTRY ELEMENTS (KOHA)
Koha item type ЕКнига

Немає доступних примірників.